Online Catalogue and eLibrary

Women, power, and politics / (Record no. 529)

MARC details
000 -LEADER
fixed length control field 00693cam a2200253 a 4500
001 - CONTROL NUMBER
control field 4191178
005 - DATE AND TIME OF LATEST TRANSACTION
control field 20240303232308.0
008 - FIXED-LENGTH DATA ELEMENTS--GENERAL INFORMATION
fixed length control field 821207s1981 enk b 001 0 eng
020 ## - INTERNATIONAL STANDARD BOOK NUMBER
ISBN 0422761400
020 ## - INTERNATIONAL STANDARD BOOK NUMBER
ISBN 0422761508
040 ## - CATALOGING SOURCE (பட்டியலாக்க மூலம்)
Original cataloging agency DLC
Transcribing agency DLC
Modifying agency DLC
082 00 - DDC Classification
Class No. 323,334.
DDC Edition Number 19
Item Number - Author Mark WOM.
100 1# - MAIN ENTRY--PERSONAL NAME
Personal name Stacey, Margaret.
245 10 - TITLE STATEMENT
Title Women, power, and politics /
Statement of responsibility, etc. Margaret Stacey and Marion Price.
260 ## - PUBLICATION, DISTRIBUTION, ETC.
Place of publication, distribution, etc. New York :
Name of publisher, distributor, etc. Tavistock Publication /
Date of publication, distribution, etc. 1981.
300 ## - PHYSICAL DESCRIPTION
Extent (e.g. Volumes, Pages etc.) ix, 214 p. ;
490 0# - SERIES STATEMENT
Series statement Tavistock women's studies
500 ## - GENERAL NOTE
General note Includes indexes.
650 #0 - SUBJECT ADDED ENTRY--TOPICAL TERM
Topical term or geographic name entry element Women
650 #0 - SUBJECT ADDED ENTRY--TOPICAL TERM
Topical term or geographic name entry element Women in public life.
650 #0 - SUBJECT ADDED ENTRY--TOPICAL TERM
Topical term or geographic name entry element Women
650 #0 - SUBJECT ADDED ENTRY--TOPICAL TERM
Topical term or geographic name entry element Power (Social sciences)
942 ## - Koha item type (Biblio)
Koha item type Books in Stacks (Lending)
Holdings
Lost status Damaged status Collection code Home library Current library Date acquired Full call number Accession Number Item type
    Lending WERC Library WERC Library 03/04/2024 323,334. WOM. 5419 Books in Stacks (Lending)

© WERC Library